Michigan Football Quiz - Statistics

General Stats
  • This quiz has been taken 207 times
  • The average score is 8 of 14
Answer Stats
Question Answer % Correct
Michigan QB that went on to Win 5 Superbowls Tom Brady
95%
What is the nickname for Michigan's Stadium? Big House
91%
Michigan _____________? Wolverines
89%
Michigan Heisman winner (Only Defensive player ever) Charles Woodson
88%
Last Michigan Championship? 1997
71%
President that played football for Michigan Gerald Ford
66%
Who did they share the Championship with? Nebraska
63%
The name of the last notable #1 (Was a WR in 2001-04) Braylon Edwards
59%
Heisman Winner in 1940? Tom Harmon
48%
Last Quarterback to beat OSU Denard Robinson
44%
What year was Michigan Football Started? 1879
40%
Michigan WR that helped seal the deal Vs the Patriots in one of the Giants SB wins? Mario Manningham
27%
Biggest Win against Ohio State? 86-0
4%
Famous Michigan coach known for his Recruiting Antics? Jim Harabaugh
1%
No matching quizzes found
Score Distribution
Percent of People with Each Score
Percentile by Number Answered
Your Score History
You have not taken this quiz